Moderné metódy pre odhad technickej rezervy na poistné plnenie v neživotnom poistení a ich porovnanie využitím jazyka R

Predpoklady a vlastnosti jednotlivých metód na odhad technických rezerv na poistné plnenia a ich porovnanie. Ide o metódy: Chain-ladder, Bornhuetter-Ferguson, Benktander-Hovinen a Cape-Cod. Praktická aplikácia použitím jazyka R.

Salvato in:
Dettagli Bibliografici
Autore principale: Strežo, Marek, 1990-
Natura: Capitolo di libro
Lingua:slovacco
Soggetti:
Tags: Aggiungi Tag
Nessun Tag, puoi essere il primo ad aggiungerne!!

MARC

LEADER 00000nla a2200000 4500
001 0246784
005 20240502073947.2
041 0 |a slo 
044 |a SK 
245 1 0 |a Moderné metódy pre odhad technickej rezervy na poistné plnenie v neživotnom poistení a ich porovnanie využitím jazyka R  |c Marek Strežo 
520 |a Predpoklady a vlastnosti jednotlivých metód na odhad technických rezerv na poistné plnenia a ich porovnanie. Ide o metódy: Chain-ladder, Bornhuetter-Ferguson, Benktander-Hovinen a Cape-Cod. Praktická aplikácia použitím jazyka R. 
610 2 0 |a poistenie neživotné 
610 2 0 |a odhady 
610 2 0 |a rezervy technické 
610 2 0 |a jazyky programovacie 
100 1 |a Strežo, Marek, 1990-